| 000 | 00472nam a2200181Ia 4500 | ||
|---|---|---|---|
| 003 | GCL | ||
| 008 | 140319s9999 xx 000 0 eng d | ||
| 040 |
_aGCL / _cGCL |
||
| 082 | 0 | 4 |
_a302.2 _bG C |
| 100 | 1 | _aGOODY, JACK | |
| 245 | 1 | 0 |
_aTHE CULTURE OF FLOWERS / _cGOODY, JACK |
| 260 |
_a[S.N] : _bCAMBRIDGE UNIVERSITY PRESS ، _c1994 |
||
| 300 | _a462 P | ||
| 650 | 0 | 4 | _aFLOWERS HISTORY |
| 650 | 0 | 4 | _aETHNOBOTONY |
| 650 | 0 | 4 | _aFLOWERS - SOCIAL ASPECTS |
| 942 |
_2ddc _cBK |
||
| 999 |
_c25627 _d25627 |
||